00387 2200157 4500001002100000005001700021035002500038090001800063100002300081245004100104260002900145300002000174650001100194850001200205990001200217YOGYA00000000007867820150228111656.0 a0010-081400000078395 aT 791.5 Sin S aR. Ng. Sindusastra aSumantri NgengercR. Ng. Sindusastra aJakartabDepdikbudc1978 a80 hlm.b21 cm. aWayang aYOPDYOG a21782-a